Cómo amarnos los unos a los otros

Saved in:
Bibliographic Details
Main Author: Buscaglia, Leo (Author)
Format: Book
Language:Spanish
Published: Ciudad de México Diana 1986
Subjects:
Tags: Add Tag
No Tags, Be the first to tag this record!

MARC

LEADER 00000nam a2200000 a 4500
001 UCW3518
003 CL-VaPUC
008 881025e19860000MX |||||||||||||||||spa|d
082 0 4 |a 158.2  |b BUS  |2 21 
100 |a Buscaglia, Leo  |e author  |9 489671 
245 1 0 |a Cómo amarnos los unos a los otros 
300 |a 213 p 
942 |c BK 
945 |d 19881025 00:00:00 
260 |a Ciudad de México  |b Diana  |c 1986 
650 0 |a Relaciones humanas  |9 307340 
650 0 |a Amor  |9 257817 
650 0 |a Relaciones interpersonales  |9 307056 
583 |a last modification  |c 19881025 00:00:00  |k Rodrigo Vera 
999 |c 217487  |d 217485 
952 |0 0  |1 0  |4 0  |6 158_200000000000000_BUS_1986  |7 0  |8 A  |9 205182  |a BIBEDU  |b BIBEDU  |d 2019-11-15  |i 2731320  |o 158.2 BUS 1986  |p 2731320  |r 2019-11-15  |w 2019-11-15  |y BK  |k EDU